A rettenet ellen ; Halottak temetése [versek]

Elmentve itt :
Bibliográfiai részletek
Dokumentumtípus: Kisnyomtatvány
Megjelent: K. n. H. n. 1956-11-18
Kulcsszavak:Magyarország története - 1956 - forrás, Forradalom - Magyarország - 1956, Magyar irodalom - vers
Tárgyszavak:
Online Access:http://misc.bibl.u-szeged.hu/47612
LEADER 00874nam a2200229 i 4500
001 misc47612
005 20201013092109.0
007 tz | ||||||||
008 200602s1956 hu o 0|| hun d
040 |a SZTE Miscellanea Repozitórium  |b hun 
041 |a hun 
245 0 2 |a A rettenet ellen ; Halottak temetése [versek]  |h [elektronikus dokumentum] 
260 |a K. n.  |b H. n.  |c 1956-11-18 
300 |a 1 fol.  |c 30 x 21 cm 
561 |a 1956-os plakátok és szórólapok 
650 4 |a Bölcsészettudományok 
650 4 |a Történettudomány és régészet 
650 4 |a Történettudomány 
650 4 |a Újkori és jelenkori történelem 
650 4 |a Nyelvek és irodalom 
695 |a Magyarország története - 1956 - forrás, Forradalom - Magyarország - 1956, Magyar irodalom - vers 
856 4 0 |u http://misc.bibl.u-szeged.hu/47612/1/MS_1500_006_004.pdf  |z Dokumentum-elérés